Constitución de la Confederación de Trabajadores de México /

El Congreso Nacional, máxima autoridad de la Confederación de Trabajadores de México, aprobó en 1986 el presente documento que rige la organización, gobierno y vida interna de esta central obrera, cuyos principios se inspiran en la Revolución Mexicana.

Збережено в:
Бібліографічні деталі
Співавтор: CTM
Формат: Книга
Мова:Іспанська
Предмети:
Теги: Додати тег
Немає тегів, Будьте першим, хто поставить тег для цього запису!

MARC

LEADER 00000nam^a2200000^a^4500
001 000181655
005 20250521000000.0
009 20260310101939.457
037 |a Acervo ITESO - Biblioteca 
041 |a ESP 
082 |a 331. 8710972  |b CON 1986 
110 |a CTM 
245 1 0 |a Constitución de la Confederación de Trabajadores de México / 
264 |a México :  |b Confederación de Trabajadores de México,  |c 1986 
300 |a 85 p. 
336 |a texto  |b txt  |2 rdacontenido 
337 |a sin mediación  |b n  |2 rdamedio 
338 |a volumen  |b nc  |2 rdasoporte 
520 |a El Congreso Nacional, máxima autoridad de la Confederación de Trabajadores de México, aprobó en 1986 el presente documento que rige la organización, gobierno y vida interna de esta central obrera, cuyos principios se inspiran en la Revolución Mexicana. 
649 |a XX 
650 |a CTM -  |z México -  |x Leyes y Reglamentos 
650 |a Instituciones Políticas -  |z México 
650 |a Sindicalismo -  |z México 
650 |a Política -  |z México 
910 |a Fondo General 
920 |a Impresos - Libros 
930 |a Colección General 
905 |a 101 
901 |a 0500121516  |b IT1  |c ACC  |u 20250521 
902 |a https://opac.biblio.iteso.mx/vufind/Record/000181655